[Event "Göteborg Open 2016"]
[Site "Idrottsvägen 2, Mölnlycke, Sweden"]
[Date "2016.08.19"]
[Round "4.9"]
[White "Åkesson, Joel"]
[Black "Westergren, Bertil"]
[Result "1-0"]
[BlackElo "1947"]
[WhiteElo "2294"]
[LiveChessVersion "1.4.8"]

1. Nf3 {[%clk 0:15:07]} d5 {[%clk 0:15:08]} 2. c4 {[%clk 0:15:05]} c6
{[%clk 0:15:07]} 3. d4 {[%clk 0:15:06]} Nf6 {[%clk 0:15:08]} 4. e3
{[%clk 0:15:08]} e6 {[%clk 0:14:48]} 5. Bd3 {[%clk 0:15:11]} Be7 {[%clk 0:14:49]}
6. O-O {[%clk 0:14:49]} O-O {[%clk 0:14:48]} 7. Nc3 {[%clk 0:14:36]} Nbd7
{[%clk 0:14:27]} 8. e4 {[%clk 0:14:36]} dxe4 {[%clk 0:14:26]} 9. Nxe4
{[%clk 0:14:40]} Nxe4 {[%clk 0:14:27]} 10. Bxe4 {[%clk 0:14:43]} Nf6
{[%clk 0:14:22]} 11. Bc2 {[%clk 0:14:46]} c5 {[%clk 0:14:11]} 12. Bg5
{[%clk 0:12:57]} b6 {[%clk 0:13:35]} 13. Qd3 {[%clk 0:10:06]} g6 {[%clk 0:13:27]}
14. dxc5 {[%clk 0:09:49]} Qxd3 {[%clk 0:12:43]} 15. Bxd3 {[%clk 0:09:53]} bxc5
{[%clk 0:12:44]} 16. Rfd1 {[%clk 0:09:35]} Kg7 {[%clk 0:11:22]} 17. Ne5
{[%clk 0:08:39]} h6 {[%clk 0:10:38]} 18. Bf4 {[%clk 0:08:07]} Bb7
{[%clk 0:10:18]} 19. Be2 {[%clk 0:07:59]} Rfd8 {[%clk 0:10:14]} 20. Bf3
{[%clk 0:08:01]} Bxf3 {[%clk 0:09:46]} 21. Nxf3 {[%clk 0:07:57]} Ne4
{[%clk 0:08:58]} 22. Bc7 {[%clk 0:06:58]} Rxd1+ {[%clk 0:07:33]} 23. Rxd1
{[%clk 0:07:02]} Nf6 {[%clk 0:06:21]} 24. Ne5 {[%clk 0:06:38]} Rc8
{[%clk 0:06:10]} 25. Ba5 {[%clk 0:06:40]} Kf8 {[%clk 0:05:27]} 26. f3
{[%clk 0:05:50]} Ke8 {[%clk 0:05:26]} 27. b3 {[%clk 0:05:38]} Nh7
{[%clk 0:03:11]} 28. Kf1 {[%clk 0:04:24]} Nf8 {[%clk 0:03:12]} 29. Ke2
{[%clk 0:04:17]} f6 {[%clk 0:03:10]} 30. Nd3 {[%clk 0:04:09]} Nd7
{[%clk 0:03:06]} 31. Nf4 {[%clk 0:03:53]} Nf8 {[%clk 0:02:58]} 32. h4
{[%clk 0:03:11]} g5 {[%clk 0:02:58]} 33. hxg5 {[%clk 0:03:06]} hxg5
{[%clk 0:03:00]} 34. Nd3 {[%clk 0:03:08]} Nd7 {[%clk 0:03:02]} 35. Rh1
{[%clk 0:03:03]} Nb8 {[%clk 0:02:57]} 36. Rh8+ {[%clk 0:02:58]} Kd7
{[%clk 0:02:50]} 37. Rh7 {[%clk 0:03:01]} Ke8 {[%clk 0:02:38]} 38. g4
{[%clk 0:02:35]} Nc6 {[%clk 0:02:33]} 39. Bc3 {[%clk 0:02:38]} Rd8
{[%clk 0:01:50]} 40. Nf2 {[%clk 0:02:32]} Nd4+ {[%clk 0:01:47]} 41. Bxd4
{[%clk 0:02:34]} Rxd4 {[%clk 0:01:51]} 42. Rh8+ {[%clk 0:02:29]} Kf7
{[%clk 0:01:49]} 43. Ra8 {[%clk 0:02:21]} Rd7 {[%clk 0:01:50]} 44. Rc8
{[%clk 0:02:23]} f5 {[%clk 0:01:44]} 45. Nd3 {[%clk 0:02:25]} fxg4
{[%clk 0:01:45]} 46. Ne5+ {[%clk 0:02:29]} 1-0

[Event "Göteborg Open 2016"]
[Site "Idrottsvägen 2, Mölnlycke, Sweden"]
[Date "2016.08.19"]
[Round "4.10"]
[White "Degerfeldt, Sven"]
[Black "Mohammadi, Amir"]
[Result "0-1"]
[BlackElo "2288"]
[WhiteElo "1952"]
[LiveChessVersion "1.4.8"]

1. d4 {[%clk 0:15:07]} f5 {[%clk 0:15:08]} 2. c4 {[%clk 0:15:10]} Nf6
{[%clk 0:15:12]} 3. Nf3 {[%clk 0:15:08]} e6 4. Bg5 c6 {[%clk 0:15:00]} 5. e3
{[%clk 0:15:10]} d5 {[%clk 0:15:03]} 6. Nc3 {[%clk 0:15:14]} Bd6 {[%clk 0:15:04]}
7. Bd3 {[%clk 0:15:09]} O-O {[%clk 0:15:06]} 8. O-O {[%clk 0:14:42]} Qe8
{[%clk 0:14:49]} 9. Bf4 {[%clk 0:13:49]} Qe7 {[%clk 0:13:56]} 10. Bxd6
{[%clk 0:13:32]} Qxd6 {[%clk 0:13:59]} 11. Qc2 {[%clk 0:13:32]} Ne4
{[%clk 0:13:15]} 12. Ne5 {[%clk 0:13:34]} Nd7 {[%clk 0:13:17]} 13. f4
{[%clk 0:13:37]} Nxc3 {[%clk 0:12:55]} 14. bxc3 {[%clk 0:13:12]} b6
{[%clk 0:12:35]} 15. cxd5 {[%clk 0:13:08]} cxd5 {[%clk 0:12:36]} 16. Qb3
{[%clk 0:12:24]} Bb7 {[%clk 0:12:16]} 17. a4 {[%clk 0:11:56]} Nxe5
{[%clk 0:11:17]} 18. fxe5 {[%clk 0:11:57]} Qe7 {[%clk 0:10:07]} 19. a5
{[%clk 0:11:46]} bxa5 {[%clk 0:09:57]} 20. Rxa5 {[%clk 0:11:48]} Bc6
{[%clk 0:09:58]} 21. Rc5 {[%clk 0:11:45]} Rac8 {[%clk 0:09:44]} 22. Ba6
{[%clk 0:10:53]} Rc7 {[%clk 0:09:45]} 23. Rb1 {[%clk 0:10:47]} Qg5
{[%clk 0:09:41]} 24. Re1 {[%clk 0:10:17]} f4 {[%clk 0:09:45]} 25. exf4
{[%clk 0:10:06]} Qxf4 {[%clk 0:09:48]} 26. Qc2 {[%clk 0:08:41]} Ba4
{[%clk 0:09:38]} 27. Qe2 {[%clk 0:08:28]} Rxc5 {[%clk 0:08:25]} 28. dxc5
{[%clk 0:08:31]} Bc6 {[%clk 0:07:54]} 29. Rf1 {[%clk 0:05:51]} Qxf1+
{[%clk 0:07:55]} 30. Qxf1 {[%clk 0:05:53]} Rxf1+ {[%clk 0:07:59]} 31. Kxf1
{[%clk 0:05:57]} Kf7 {[%clk 0:08:03]} 32. g3 {[%clk 0:06:01]} Ke7
{[%clk 0:08:07]} 33. Ke2 {[%clk 0:06:04]} Kd7 {[%clk 0:08:11]} 34. Kd3
{[%clk 0:05:59]} Kc7 {[%clk 0:08:15]} 35. Kd4 {[%clk 0:06:02]} Bb7
{[%clk 0:08:18]} 36. Bd3 {[%clk 0:05:56]} h6 {[%clk 0:08:21]} 37. c4
{[%clk 0:05:51]} a5 {[%clk 0:08:12]} 38. cxd5 {[%clk 0:05:51]} Bxd5
{[%clk 0:08:15]} 39. Bb5 {[%clk 0:05:52]} Bb3 {[%clk 0:07:22]} 40. Kc3
{[%clk 0:05:53]} Bd5 {[%clk 0:07:09]} 41. Kd4 {[%clk 0:05:55]} Bc6
{[%clk 0:06:52]} 42. Bc4 {[%clk 0:05:59]} Kd7 {[%clk 0:06:55]} 43. Kc3
{[%clk 0:05:48]} Ke7 {[%clk 0:06:57]} 44. h4 {[%clk 0:05:48]} Kf7
{[%clk 0:06:49]} 45. Bd3 {[%clk 0:05:34]} Bd5 {[%clk 0:05:59]} 46. Bb5
{[%clk 0:05:22]} Ke7 {[%clk 0:05:33]} 47. c6 {[%clk 0:05:16]} Kd8
{[%clk 0:05:37]} 48. Kd4 {[%clk 0:05:20]} Kc7 {[%clk 0:05:41]} 49. Kc5
{[%clk 0:05:24]} Bb3 {[%clk 0:05:40]} 50. g4 {[%clk 0:04:59]} g5 {[%clk 0:05:42]}
51. hxg5 {[%clk 0:04:52]} hxg5 {[%clk 0:05:46]} 52. Be2 {[%clk 0:04:52]} a4
{[%clk 0:05:37]} 53. Kb4 {[%clk 0:04:51]} Kxc6 {[%clk 0:05:38]} 54. Bf3+
{[%clk 0:04:44]} Bd5 {[%clk 0:05:24]} 55. Be2 {[%clk 0:04:48]} a3
{[%clk 0:05:24]} 56. Kxa3 {[%clk 0:04:51]} Kc5 {[%clk 0:05:28]} 57. Kb2
{[%clk 0:04:54]} Kd4 {[%clk 0:05:32]} 58. Kc2 {[%clk 0:04:57]} Kxe5
{[%clk 0:05:36]} 59. Kd3 {[%clk 0:04:57]} Kf4 {[%clk 0:05:39]} 60. Kd4
{[%clk 0:05:00]} Bf3 {[%clk 0:05:39]} 0-1

[Event "Göteborg Open 2016"]
[Site "Idrottsvägen 2, Mölnlycke, Sweden"]
[Date "2016.08.20"]
[Round "5.1"]
[White "Blomqvist, Erik"]
[Black "Golubka, Petro"]
[Result "1/2-1/2"]
[BlackElo "2373"]
[WhiteElo "2557"]
[LiveChessVersion "1.4.8"]

1. e4 {[%clk 1:30:55]} e5 {[%clk 1:30:04]} 2. Nf3 {[%clk 1:31:19]} Nc6
{[%clk 1:30:31]} 3. Bb5 {[%clk 1:31:42]} a6 {[%clk 1:30:57]} 4. Ba4
{[%clk 1:32:06]} d6 {[%clk 1:31:16]} 5. O-O {[%clk 1:32:00]} Bd7 {[%clk 1:31:25]}
6. Re1 {[%clk 1:27:33]} Nf6 {[%clk 1:31:50]} 7. c4 {[%clk 1:24:48]} Be7
{[%clk 1:31:20]} 8. Nc3 {[%clk 1:23:47]} Bg4 {[%clk 1:28:47]} 9. h3
{[%clk 1:22:37]} Bxf3 {[%clk 1:29:12]} 10. Qxf3 {[%clk 1:22:51]} O-O
{[%clk 1:29:34]} 11. Bxc6 {[%clk 1:23:00]} bxc6 {[%clk 1:29:57]} 12. d3
{[%clk 1:23:14]} Nd7 {[%clk 1:30:09]} 13. Be3 {[%clk 1:18:33]} Bg5
{[%clk 1:30:12]} 14. Rad1 {[%clk 1:18:32]} Rb8 {[%clk 1:30:21]} 15. b3
{[%clk 1:18:40]} Bxe3 {[%clk 1:30:24]} 16. Qxe3 {[%clk 1:18:10]} Qe7
{[%clk 1:25:39]} 17. d4 {[%clk 1:16:10]} Rfe8 {[%clk 1:25:15]} 18. dxe5
{[%clk 1:10:55]} Qxe5 {[%clk 1:25:27]} 19. Na4 {[%clk 1:06:53]} Nb6
{[%clk 1:17:45]} 20. f4 {[%clk 0:57:44]} Qa5 {[%clk 1:17:47]} 21. Nxb6
{[%clk 0:55:49]} Rxb6 {[%clk 1:18:01]} 22. e5 {[%clk 0:37:41]} Rbb8
{[%clk 1:16:35]} 23. Qa7 {[%clk 0:35:10]} g6 {[%clk 1:08:03]} 24. Kh2
{[%clk 0:29:19]} dxe5 {[%clk 1:02:59]} 25. Rxe5 {[%clk 0:27:42]} Qxa2
{[%clk 1:03:09]} 26. Rd3 {[%clk 0:24:06]} Qc2 {[%clk 0:58:44]} 27. Rde3
{[%clk 0:23:48]} Rf8 {[%clk 0:59:11]} 28. Qxc7 {[%clk 0:19:10]} Rxb3
{[%clk 0:58:18]} 29. Rxb3 {[%clk 0:19:32]} Qxb3 {[%clk 0:58:44]} 30. Qxc6
{[%clk 0:19:58]} Qa3 {[%clk 0:48:51]} 31. c5 {[%clk 0:20:18]} Qb4
{[%clk 0:48:34]} 32. Qf6 {[%clk 0:14:16]} a5 {[%clk 0:42:24]} 33. c6
{[%clk 0:14:41]} a4 {[%clk 0:42:34]} 34. c7 {[%clk 0:13:27]} Qc4 {[%clk 0:42:46]}
35. Re7 {[%clk 0:13:17]} a3 {[%clk 0:39:13]} 36. Rd7 {[%clk 0:13:42]} a2
{[%clk 0:39:32]} 37. Qe5 {[%clk 0:11:15]} Qc6 {[%clk 0:32:11]} 38. Rd1
{[%clk 0:10:42]} Qc2 {[%clk 0:30:23]} 39. Ra1 {[%clk 0:06:12]} Rc8
{[%clk 0:30:23]} 40. Qd6 {[%clk 0:05:45]} Qxc7 {[%clk 0:30:45]} 1/2-1/2

[Event "Göteborg Open 2016"]
[Site "Idrottsvägen 2, Mölnlycke, Sweden"]
[Date "2016.08.20"]
[Round "5.2"]
[White "Westerberg, Jonathan"]
[Black "Kazakovskiy, Valeriy"]
[Result "0-1"]
[BlackElo "2342"]
[WhiteElo "2488"]
[LiveChessVersion "1.4.8"]

1. d4 {[%clk 1:30:52]} Nf6 {[%clk 1:30:47]} 2. Nf3 {[%clk 1:31:10]} e6
{[%clk 1:31:02]} 3. e3 {[%clk 1:31:14]} b6 {[%clk 1:31:12]} 4. Bd3
{[%clk 1:31:36]} c5 {[%clk 1:31:20]} 5. O-O {[%clk 1:30:02]} Bb7 {[%clk 1:31:17]}
6. c4 {[%clk 1:30:21]} Bxf3 {[%clk 1:25:21]} 7. Qxf3 {[%clk 1:29:11]} Nc6
{[%clk 1:25:08]} 8. d5 {[%clk 1:27:12]} exd5 {[%clk 1:17:59]} 9. cxd5
{[%clk 1:26:32]} Ne5 {[%clk 1:18:06]} 10. Qe2 {[%clk 1:26:59]} Nxd3
{[%clk 1:18:10]} 11. Qxd3 {[%clk 1:27:27]} Bd6 {[%clk 1:16:42]} 12. f4
{[%clk 1:24:53]} O-O {[%clk 1:15:43]} 13. e4 {[%clk 1:23:54]} c4 {[%clk 0:54:38]}
14. Qxc4 {[%clk 1:20:30]} Rc8 {[%clk 0:53:24]} 15. Qe2 {[%clk 1:16:12]} Re8
{[%clk 0:52:51]} 16. Nc3 {[%clk 1:16:40]} Nxe4 {[%clk 0:47:51]} 17. Nxe4
{[%clk 1:14:00]} f5 {[%clk 0:48:01]} 18. Bd2 {[%clk 1:09:20]} Rxe4
{[%clk 0:48:02]} 19. Qd3 {[%clk 1:07:43]} Rd4 {[%clk 0:47:47]} 20. Qxd4
{[%clk 1:07:17]} Bc5 {[%clk 0:48:09]} 21. Be3 {[%clk 1:07:15]} Bxd4
{[%clk 0:48:27]} 22. Bxd4 {[%clk 1:07:43]} Qf8 {[%clk 0:47:12]} 23. Rad1
{[%clk 1:06:46]} Qb4 {[%clk 0:46:00]} 24. Bc3 {[%clk 1:03:16]} Qc5+
{[%clk 0:45:30]} 25. Kh1 {[%clk 1:03:45]} d6 {[%clk 0:34:53]} 26. Rfe1
{[%clk 1:03:59]} Kf7 {[%clk 0:33:35]} 27. Re6 {[%clk 1:03:42]} Rc7
{[%clk 0:33:01]} 28. h3 {[%clk 1:00:27]} Rd7 {[%clk 0:31:52]} 29. a3
{[%clk 0:52:46]} Qf2 {[%clk 0:26:28]} 30. Rde1 {[%clk 0:52:43]} Qxf4
{[%clk 0:26:09]} 31. Re8 {[%clk 0:50:42]} Qc4 {[%clk 0:25:29]} 32. Rh8
{[%clk 0:48:16]} h6 {[%clk 0:25:36]} 33. Ree8 {[%clk 0:39:44]} Qxd5
{[%clk 0:24:21]} 34. Rhf8+ {[%clk 0:29:58]} Kg6 {[%clk 0:24:28]} 35. Re3
{[%clk 0:30:27]} Rf7 {[%clk 0:22:15]} 36. Rg3+ {[%clk 0:30:37]} Kh7
{[%clk 0:22:37]} 37. Rd3 {[%clk 0:30:51]} Qc4 {[%clk 0:21:59]} 38. Rxf7
{[%clk 0:30:34]} Qxf7 {[%clk 0:22:27]} 39. Rxd6 {[%clk 0:30:59]} f4
{[%clk 0:22:23]} 40. Kg1 {[%clk 0:28:58]} Qe7 {[%clk 0:20:43]} 41. Rd3
{[%clk 0:27:44]} g5 {[%clk 0:20:33]} 42. Kf2 {[%clk 0:27:02]} Qc5+
{[%clk 0:20:04]} 43. Rd4 {[%clk 0:21:40]} Kg6 {[%clk 0:19:54]} 44. Kf1
{[%clk 0:22:09]} Kf5 {[%clk 0:19:04]} 45. Rd8 {[%clk 0:22:28]} h5
{[%clk 0:17:23]} 46. Rh8 {[%clk 0:21:50]} Qc4+ {[%clk 0:17:23]} 47. Ke1
{[%clk 0:16:37]} Qe4+ {[%clk 0:16:40]} 48. Kf1 {[%clk 0:16:25]} Qb1+
{[%clk 0:16:36]} 49. Kf2 {[%clk 0:16:20]} Qd3 {[%clk 0:16:51]} 50. Re8
{[%clk 0:06:43]} g4 {[%clk 0:15:43]} 51. hxg4+ {[%clk 0:05:36]} hxg4
{[%clk 0:16:02]} 52. Re5+ {[%clk 0:05:55]} Kg6 {[%clk 0:16:16]} 53. Re6+
{[%clk 0:06:20]} Kf7 {[%clk 0:16:18]} 54. Re2 {[%clk 0:05:32]} g3+
{[%clk 0:15:16]} 55. Ke1 {[%clk 0:05:19]} Kg6 {[%clk 0:13:08]} 56. Rd2
{[%clk 0:03:19]} Qe4+ {[%clk 0:12:54]} 57. Kd1 {[%clk 0:03:44]} Kf5
{[%clk 0:13:09]} 58. Kc1 {[%clk 0:03:02]} Qc4 {[%clk 0:12:03]} 59. Kc2
{[%clk 0:03:11]} Qe4+ {[%clk 0:09:34]} 60. Kb3 {[%clk 0:02:14]} Qb1
{[%clk 0:09:11]} 61. Kc4 {[%clk 0:01:49]} Qf1+ {[%clk 0:08:55]} 62. Kb3
{[%clk 0:01:44]} f3 {[%clk 0:08:56]} 63. gxf3 {[%clk 0:01:58]} g2
{[%clk 0:09:17]} 64. Bd4 {[%clk 0:02:20]} g1=Q {[%clk 0:08:42]} 65. Bxg1
{[%clk 0:02:44]} Qxg1 {[%clk 0:09:04]} 66. Rd3 {[%clk 0:03:00]} Qb1
{[%clk 0:09:26]} 67. Rc3 {[%clk 0:03:08]} Kf4 {[%clk 0:09:31]} 68. a4
{[%clk 0:02:29]} Qd1+ {[%clk 0:08:57]} 69. Kb4 {[%clk 0:01:22]} Ke5
{[%clk 0:07:42]} 70. Re3+ {[%clk 0:01:10]} Kd5 71. Rc3 {[%clk 0:01:31]} a6
{[%clk 0:07:27]} 72. Ka3 {[%clk 0:01:35]} b5 {[%clk 0:07:28]} 73. axb5
{[%clk 0:01:33]} axb5 {[%clk 0:07:45]} 74. Ka2 {[%clk 0:01:35]} b4
{[%clk 0:08:00]} 75. Rc7 {[%clk 0:00:33]} Qa4+ {[%clk 0:08:09]} 76. Kb1
{[%clk 0:00:59]} b3 {[%clk 0:08:28]} 77. Rc1 {[%clk 0:01:17]} Qa2#
{[%clk 0:08:56]} 0-1

[Event "Göteborg Open 2016"]
[Site "Idrottsvägen 2, Mölnlycke, Sweden"]
[Date "2016.08.20"]
[Round "5.3"]
[White "Nygren, Kim"]
[Black "Greenfeld, Alon"]
[Result "0-1"]
[BlackElo "2568"]
[WhiteElo "2240"]
[LiveChessVersion "1.4.8"]

1. e4 {[%clk 1:30:55]} c5 {[%clk 1:28:45]} 2. Nf3 {[%clk 1:31:09]} d6
{[%clk 1:27:31]} 3. d4 {[%clk 1:31:05]} cxd4 {[%clk 1:27:54]} 4. Nxd4
{[%clk 1:31:31]} Nf6 {[%clk 1:28:12]} 5. Nc3 {[%clk 1:31:58]} Nc6
{[%clk 1:28:09]} 6. Bc4 {[%clk 1:32:03]} e6 {[%clk 1:26:23]} 7. Bb3
{[%clk 1:32:19]} Be7 {[%clk 1:25:43]} 8. Be3 {[%clk 1:31:08]} O-O
{[%clk 1:23:49]} 9. Qe2 {[%clk 1:30:02]} Bd7 {[%clk 1:23:48]} 10. O-O-O
{[%clk 1:29:09]} Rc8 {[%clk 1:23:12]} 11. Rhg1 {[%clk 1:26:43]} Nxd4
{[%clk 1:18:55]} 12. Bxd4 {[%clk 1:25:04]} e5 {[%clk 1:17:32]} 13. Be3
{[%clk 1:22:56]} Rxc3 {[%clk 1:17:34]} 14. bxc3 {[%clk 1:23:22]} Nxe4
{[%clk 1:17:52]} 15. Qd3 {[%clk 1:21:38]} Bc6 {[%clk 1:07:47]} 16. f3
{[%clk 1:19:42]} Nf6 {[%clk 1:08:01]} 17. g4 {[%clk 1:19:07]} Bxf3
{[%clk 0:55:41]} 18. g5 {[%clk 1:18:05]} Ng4 {[%clk 0:50:58]} 19. Rdf1
{[%clk 1:16:52]} e4 {[%clk 0:47:21]} 20. Qd2 {[%clk 1:15:12]} Nxe3
{[%clk 0:46:02]} 21. Qxe3 {[%clk 1:15:33]} d5 {[%clk 0:44:55]} 22. Rxf3
{[%clk 1:12:30]} exf3 {[%clk 0:44:14]} 23. Qxf3 {[%clk 1:12:51]} Bxg5+
{[%clk 0:43:20]} 24. Kb2 {[%clk 1:10:14]} d4 {[%clk 0:40:49]} 25. Qxb7
{[%clk 1:09:39]} dxc3+ {[%clk 0:40:32]} 26. Ka1 {[%clk 1:10:05]} a5
{[%clk 0:37:31]} 27. Qb5 {[%clk 1:06:23]} Bf6 {[%clk 0:34:58]} 0-1

[Event "Göteborg Open 2016"]
[Site "Idrottsvägen 2, Mölnlycke, Sweden"]
[Date "2016.08.20"]
[Round "5.4"]
[White "Ask, Josef"]
[Black "Hector, Jonny"]
[Result "0-1"]
[BlackElo "2518"]
[WhiteElo "2208"]
[LiveChessVersion "1.4.8"]

1. e4 {[%clk 1:30:56]} e5 {[%clk 1:29:19]} 2. Nc3 {[%clk 1:31:16]} Nf6
{[%clk 1:26:38]} 3. f4 {[%clk 1:30:40]} d5 {[%clk 1:26:00]} 4. fxe5
{[%clk 1:30:45]} Nxe4 {[%clk 1:26:14]} 5. d3 {[%clk 1:30:04]} Nxc3
{[%clk 1:24:04]} 6. bxc3 {[%clk 1:30:29]} Be7 {[%clk 1:23:43]} 7. d4
{[%clk 1:20:17]} c5 {[%clk 1:17:55]} 8. Nf3 {[%clk 1:19:39]} Nc6 {[%clk 1:17:36]}
9. Bd3 {[%clk 1:18:17]} h6 {[%clk 1:12:45]} 10. O-O {[%clk 1:17:03]} Be6
{[%clk 1:12:43]} 11. dxc5 {[%clk 1:14:55]} Bxc5+ {[%clk 1:08:09]} 12. Kh1
{[%clk 1:15:13]} Qc7 {[%clk 1:03:54]} 13. Bf4 {[%clk 1:11:13]} g5
{[%clk 1:01:50]} 14. Bg3 {[%clk 1:11:08]} O-O-O {[%clk 1:00:50]} 15. Qe2
{[%clk 1:09:26]} Kb8 {[%clk 0:47:08]} 16. Rab1 {[%clk 1:08:30]} Ka8
{[%clk 0:47:30]} 17. Rb5 {[%clk 1:08:17]} Be7 {[%clk 0:46:55]} 18. Rfb1
{[%clk 1:07:14]} Rb8 {[%clk 0:45:59]} 19. Qe3 {[%clk 1:03:06]} Rhd8
{[%clk 0:39:51]} 20. Nd4 {[%clk 1:01:24]} Nxd4 {[%clk 0:39:36]} 21. Qxd4
{[%clk 0:59:25]} b6 {[%clk 0:37:34]} 22. R1b3 {[%clk 0:56:08]} h5
{[%clk 0:35:55]} 23. Qa4 Bc5 {[%clk 0:30:57]} 24. h4 {[%clk 0:37:55]} gxh4
{[%clk 0:27:23]} 25. Qxh4 {[%clk 0:37:53]} Rg8 {[%clk 0:27:20]} 26. Bh2
{[%clk 0:37:08]} Rg4 {[%clk 0:26:46]} 27. Qxh5 {[%clk 0:36:54]} Qe7
{[%clk 0:22:42]} 28. Rxc5 {[%clk 0:34:06]} Qxc5 {[%clk 0:22:10]} 29. Bg1
{[%clk 0:34:06]} Qe7 {[%clk 0:20:44]} 30. Bf2 {[%clk 0:34:20]} Rbg8
{[%clk 0:20:26]} 31. g3 {[%clk 0:34:30]} Qf8 {[%clk 0:19:26]} 0-1

[Event "Göteborg Open 2016"]
[Site "Idrottsvägen 2, Mölnlycke, Sweden"]
[Date "2016.08.20"]
[Round "5.5"]
[White "Arnelind, Mikael"]
[Black "Antonsen, Mikkel"]
[Result "0-1"]
[BlackElo "2475"]
[WhiteElo "2204"]
[LiveChessVersion "1.4.8"]

1. d4 {[%clk 1:30:56]} d5 {[%clk 1:30:57]} 2. c4 {[%clk 1:31:13]} e6
{[%clk 1:31:24]} 3. Nc3 {[%clk 1:31:36]} Nf6 {[%clk 1:31:52]} 4. cxd5
{[%clk 1:31:46]} exd5 {[%clk 1:32:18]} 5. Bg5 {[%clk 1:32:03]} c6
{[%clk 1:32:45]} 6. e3 {[%clk 1:31:44]} Be7 {[%clk 1:33:12]} 7. Qc2
{[%clk 1:31:28]} Nbd7 {[%clk 1:33:37]} 8. Bd3 {[%clk 1:31:02]} Nh5
{[%clk 1:34:04]} 9. Bxe7 {[%clk 1:31:02]} Qxe7 {[%clk 1:34:30]} 10. Nge2
{[%clk 1:31:11]} g6 {[%clk 1:34:57]} 11. O-O-O {[%clk 1:30:33]} Nb6
{[%clk 1:35:00]} 12. Kb1 {[%clk 1:28:55]} Bd7 {[%clk 1:33:37]} 13. Rc1
{[%clk 1:26:20]} Ng7 {[%clk 1:31:13]} 14. Ng3 {[%clk 1:23:25]} Ne6
{[%clk 1:28:02]} 15. h4 {[%clk 1:14:00]} h5 {[%clk 1:24:42]} 16. Nge2
{[%clk 0:57:28]} O-O-O {[%clk 1:19:00]} 17. Na4 {[%clk 0:55:32]} Nxa4
{[%clk 1:19:16]} 18. Qxa4 {[%clk 0:55:58]} Kb8 {[%clk 1:19:41]} 19. Qa5
{[%clk 0:48:55]} Rc8 {[%clk 1:17:26]} 20. Rc3 {[%clk 0:46:42]} Rc7
{[%clk 1:11:39]} 21. Ra3 {[%clk 0:42:36]} b6 {[%clk 1:11:54]} 22. Qd2
{[%clk 0:42:43]} Ng7 {[%clk 1:10:38]} 23. Ng3 {[%clk 0:31:12]} Ne8
{[%clk 1:10:26]} 24. Rc3 {[%clk 0:29:04]} Nd6 {[%clk 1:10:02]} 25. Qe2
{[%clk 0:28:25]} Bc8 {[%clk 1:04:59]} 26. Qf3 {[%clk 0:24:41]} Bb7
{[%clk 1:05:02]} 27. Qf4 {[%clk 0:24:35]} Re8 {[%clk 1:03:54]} 28. Rhc1
{[%clk 0:23:51]} Ka8 {[%clk 1:03:49]} 29. Ne2 {[%clk 0:20:07]} Rec8
{[%clk 1:01:12]} 30. Ng1 {[%clk 0:19:48]} c5 {[%clk 0:59:44]} 31. dxc5
{[%clk 0:16:09]} bxc5 {[%clk 1:00:09]} 32. Nf3 {[%clk 0:13:38]} c4
{[%clk 0:53:49]} 33. Bf1 {[%clk 0:12:54]} Ne4 {[%clk 0:54:13]} 34. Nd4
{[%clk 0:12:28]} Nxc3+ {[%clk 0:53:49]} 35. Rxc3 {[%clk 0:12:56]} Qe4+
{[%clk 0:50:15]} 36. Qxe4 {[%clk 0:13:16]} dxe4 {[%clk 0:50:39]} 37. g3
{[%clk 0:12:34]} a6 {[%clk 0:48:04]} 38. Kc2 {[%clk 0:12:40]} Rc5
{[%clk 0:46:40]} 39. Kd2 {[%clk 0:12:12]} Bd5 {[%clk 0:45:51]} 40. Ra3
{[%clk 0:11:44]} Ka7 {[%clk 0:46:15]} 41. b4 {[%clk 0:10:57]} cxb3
{[%clk 0:46:13]} 42. axb3 {[%clk 0:10:26]} Bb7 {[%clk 0:46:20]} 43. Bc4
{[%clk 0:10:21]} Kb6 {[%clk 0:38:41]} 44. Ke2 {[%clk 0:07:16]} R8c7
{[%clk 0:38:39]} 45. Ra1 {[%clk 0:06:47]} Ra5 {[%clk 0:38:56]} 46. Rd1
{[%clk 0:06:15]} Bd5 {[%clk 0:38:42]} 47. Bxd5 {[%clk 0:06:17]} Rxd5
{[%clk 0:39:07]} 48. f3 {[%clk 0:05:56]} exf3+ {[%clk 0:38:58]} 49. Kxf3
{[%clk 0:06:24]} Rc3 {[%clk 0:38:20]} 50. Kf4 {[%clk 0:06:11]} Rxb3
{[%clk 0:38:12]} 51. Rc1 {[%clk 0:06:31]} Rb2 {[%clk 0:38:09]} 52. Rc8
{[%clk 0:06:07]} Kb7 {[%clk 0:37:50]} 53. Rf8 {[%clk 0:04:44]} Rd7
{[%clk 0:37:35]} 54. Nf3 {[%clk 0:04:51]} Re7 {[%clk 0:35:15]} 55. e4
{[%clk 0:04:30]} a5 {[%clk 0:35:16]} 56. Kg5 {[%clk 0:02:56]} Rf2
{[%clk 0:35:14]} 57. Kf6 {[%clk 0:02:49]} Rc7 {[%clk 0:35:32]} 0-1